| 000 | 01219cam a2200289 a 4500 | ||
|---|---|---|---|
| 001 | 15487725 | ||
| 005 | 20100108090518.0 | ||
| 008 | 081017s2009 nyuab |rb 001 0 eng | ||
| 010 | _a 2008044651 | ||
| 020 | _a9780415772303 (pbk.) | ||
| 035 | _a(OCoLC)ocn263146952 | ||
| 040 |
_aDLC _cDLC _dBWKUK _dBWK _dYDXCP _dBWX _dCDX _dDLC |
||
| 050 | 0 | 0 |
_aJZ6374 _b.B88 2009 |
| 082 | 0 | 0 |
_a327.172 _222 _bBUT |
| 100 | 1 |
_aButler, Michael J., _d1972- _911817 |
|
| 245 | 1 | 0 |
_aInternational Conflict Management / _cMichael J. Butler. |
| 260 |
_aLondon ; _aNew York : _bRoutledge, 2009 _c2009. |
||
| 300 |
_axv, 288 p. : _bill., maps ; _c26 cm. |
||
| 504 | _aIncludes bibliographical references (p. [259]-275) and index. | ||
| 650 | 0 |
_aPeacekeeping forces. _911818 |
|
| 650 | 0 |
_aConflict management. _911819 |
|
| 650 | 0 |
_aPeace-building. _911820 |
|
| 650 | 0 |
_aWar _xPrevention. _911821 |
|
| 942 |
_2ddc _cBB |
||
| 999 |
_c13490 _d13490 |
||